000 00581cam a2200217 a 4500
001 1965625
005 20171227032346.0
008 880727s1989 njua b 001 0 eng
010 _a 88025259
020 _a0134863178
040 _aDLC
_cDLC
_dDLC
041 _aeng
080 _a658.4034
082 0 0 _a658.4034 COO
_219
100 1 _a53
101 _aMNG
245 1 0 _aIntroduction to management science /
_cThomas M. Cook, Robert A. Russell.
504 _aIncludes bibliographies and index.
906 _a7
_bcbc
_corignew
_d1
_eocip
_f19
_gy-gencatlg
942 _2ddc
_cBK
999 _c39427
_d39427